| 000 | 00609nam a2200205 i 4500 | ||
|---|---|---|---|
| 001 | 42365 | ||
| 003 | ES-MaACL | ||
| 005 | 20250712062537.0 | ||
| 007 | t| | ||
| 008 | 030313s1976 sp |||| |dspa d | ||
| 100 | 1 |
_aCela, Camilo José, _d1916-2002 _937336 |
|
| 245 | 1 | 4 |
_aLas botas de siete leguas ; _bViaje a la Alcarria / _cCamilo José Cela. |
| 246 | 3 | _aViaje a la Alcarria | |
| 250 | _a9ª ed. | ||
| 260 |
_aMadrid : _bEspasa-Calpe, _c1976. |
||
| 300 |
_a160 p. ; _c18 cm. |
||
| 651 | 4 |
_aLa Alcarria (España, Comarca)- _xDescripción. _9161530 |
|
| 852 |
_aES-MaACL _jA-7913 |
||
| 999 |
_c42365 _d42365 |
||